Η θεωρία του αντάρτη : παρεμβολή στην έννοια του πολιτικού
Αποθηκεύτηκε σε:
| Κύριος συγγραφέας: | |
|---|---|
| Άλλοι συγγραφείς: | , |
| Μορφή: | Βιβλίο |
| Γλώσσα: | Greek German |
| Δημοσίευση: |
Αθήνα :
Πλέθρον,
1990.
|
| Σειρά: | Μελέτες (Πλέθρον)
|
| Θέματα: | |
| Ετικέτες: |
Προσθήκη ετικέτας
Δεν υπάρχουν, Καταχωρήστε ετικέτα πρώτοι!
|
MARC
| LEADER | 00000cam a2200000 i 4500 | ||
|---|---|---|---|
| 001 | 1/16500 | ||
| 008 | 950404s1990 gr | ||| |||| ||gre|| | ||
| 020 | |a 9607599047 | ||
| 035 | |l 10020217 | ||
| 040 | |a GR-MyUA |b gre |e AACR2 | ||
| 041 | 1 | |a gre |h ger | |
| 082 | 7 | |a 355.425 |2 (22) | |
| 100 | 1 | |a Schmitt, Carl, |d 1888-1985. | |
| 245 | 1 | 2 | |a Η θεωρία του αντάρτη : |b παρεμβολή στην έννοια του πολιτικού / |c Carl Schmitt ; μετάφραση: Σίσσυ Χασιώτη ; επιμέλεια: Κώστας Καλφόπουλος. |
| 260 | |a Αθήνα : |b Πλέθρον, |c 1990. | ||
| 300 | |a 105 σ. ; |c 24 εκ. | ||
| 490 | 1 | |a (Μελέτες / Πλέθρον) | |
| 500 | |a Τίτλος πρωτοτύπου: Theorie des partisanen, zwischenbemerkung zum begriff des politischen. | ||
| 650 | 0 | 0 | |a Guerrilla warfare. |
| 700 | 0 | |a Χασιώτη, Σίσσυ, |e trlf | |
| 700 | 0 | |a Καλφόπουλος, Κώστας Θ., |d 1956- |e edt | |
| 830 | 0 | |a Μελέτες (Πλέθρον) | |
| 852 | |a INST |b LESVOS |e 19950404 |h 355.425 SCH |p 005100006373 |q 005100006373 |t BK |y 0 | ||
| 852 | |a INST |b LESVOS |e 19980804 |h 355.425 SCH |p 005100013608 |q 005100013608 |t BK |y 0 | ||
| 901 | |a BIBL1-1998-2 | ||
| 909 | |a Λ |b 055973 | ||
| 909 | |a Λ |b 032261 | ||
| 922 | |a 1ΕΛΗ |b 199804 |c ΚΠΣ/ΤΚ |d EMVASIS | ||
| 950 | |a 103-1998-02-03 | ||
| 970 | |z 2000/05/ΟΙΚΟΝΟΜΟΠΟΥΛΟΥ ΧΡΙΣΤΙΝΑ | ||